000 00493pab a2200193 454500
008 180718b2014 xxu||||| |||| 00| 0 eng d
100 _aChhibber, Pradeep
245 _aThe BJP's 2014 'Modi wave' an ideological consolidation of the right
260 _c2014
300 _ap.50-56.
362 _a27 Sep
650 _aBJP
650 _aElections - India
650 _aElections
700 _aVerma, Rahul
773 _aEconomic and Political Weekly
908 _aN
909 _a105512
999 _c105507
_d105507